Λεξικόν των ελληνικών και ρωμαικών αρχαιοτήτων : μετά 500 αρίστων εικόνων κατά Ουϊλλιέλμον Σμίθ
Αποθηκεύτηκε σε:
| Κύριος συγγραφέας: | |
|---|---|
| Μορφή: | Βιβλίο |
| Γλώσσα: | Greek |
| Δημοσίευση: |
Εν Αθήναις :
Τυπογραφείον ο "Παλαμήδης",
1890.
|
| Θέματα: | |
| Ετικέτες: |
Προσθήκη ετικέτας
Δεν υπάρχουν, Καταχωρήστε ετικέτα πρώτοι!
|
MARC
| LEADER | 00000cam a2200000 i 4500 | ||
|---|---|---|---|
| 001 | 1/32230 | ||
| 008 | 130621s1890####gr | ||| |||| ||gre|| | ||
| 035 | |l 10114880 | ||
| 040 | |a GR-MyUA |b gre |e AACR2 | ||
| 041 | 0 | |a gre | |
| 082 | 0 | |a 938.103 |2 (22) | |
| 100 | 1 | |a Τσιβανόπουλος, Σωκράτης. | |
| 245 | 1 | 0 | |a Λεξικόν των ελληνικών και ρωμαικών αρχαιοτήτων : |b μετά 500 αρίστων εικόνων κατά Ουϊλλιέλμον Σμίθ / |c υπό Σωκρ. Τσιβανόπουλου ; εκδιδόται υπό Ευαγ. Κ. Κοφινιώτου. |
| 260 | |a Εν Αθήναις : |b Τυπογραφείον ο "Παλαμήδης", |c 1890. | ||
| 300 | |a ις, 1072 σ. : |b εικ. ; |c 24 εκ. | ||
| 500 | |a Στο verso υπάρχει ετικέτα "Τη Πορφυριάδι Σχολή Μαρουδιώ Κ. Νικολάου". Στο recto υπάρχει σφραγίδα της Πορφυριάς Αστικής Σχολής Καρλοβασίων. με αρ. 971 | ||
| 650 | 0 | 0 | |a Classical dictionaries. |
| 650 | 0 | 0 | |a Civilization, Greco-Roman |x Dictionaries. |
| 651 | 0 | |a Greece |x Civilization |x Dictionaries. | |
| 700 | 1 | |a Κοφινιώτης, Ευάγγελος, |d 1835-1916, |e pbl | |
| 852 | |a INST |b SAMOS |c PORFYRIADA |e 20130621 |h 938.103 ΤΣΙ |p 005300040267 |q 005300040267 |t NOLOAN |y 23 | ||
| 901 | |a BIBL3-2013-2 | ||
| 909 | |a Σ |b 178494 | ||
| 970 | |a ΚΟΣΙΕΡΗΣ |b ΧΡΗΣΤΟΣ |z 2013/06/21 | ||